| 000 | 00660nam a2200229 a 4500 | ||
|---|---|---|---|
| 001 | BRCA_4390 | ||
| 005 | 20190320204643.0 | ||
| 008 | 090610m19411942mx-a######---#000-0#spa-# | ||
| 041 | _aspa | ||
| 044 | _amx | ||
| 050 | 4 |
_aHF3233 _b.D57 3 _c1941 |
|
| 245 | 1 | 0 | _aDirectorio social. |
| 260 |
_aMéxico _bH. Ruiz Sandoval _c1941-1942 |
||
| 300 |
_a2 ediciones _bil. _c17 cm. |
||
| 500 | _aVer también AM25 (ed. 38) y DD46 (ed. 14) | ||
| 500 | _aH13 | ||
| 505 | 0 | _aContenido: ed. 16. 1941. -- ed. 17. 1942 | |
| 651 | 4 |
_aMéxico _vDirectorios _xComercio _910874 |
|
| 651 | 4 |
_aMéxico _vGuías de viajeros _xDescripción _910875 |
|
| 902 | _aGFM | ||
| 942 |
_2lcc _cB |
||
| 999 |
_c4101 _d4101 |
||